[Event "2023 US National Elementary K-6 Championship"]
[Site "Baltimore, Maryland, United States"]
[Date "2023.05.14"]
[Round "7.1"]
[White "Yan, Nathan"]
[Black "Cherukuri, Nitesh"]
[Result "1-0"]
[TimeControl "G/90; d10"]
[WhiteElo "2213"]
[BlackElo "2053"]

1. e4 {[%clk 01:30:00]} {[%emt 00:00:20]} c5 {[%clk 01:25:14]} {[%emt
00:04:42]} 2. Nf3 {[%clk 01:29:46]} {[%emt 00:00:24]} Nc6 {[%clk 01:25:14]}
{[%emt 00:00:16]} 3. d4 {[%clk 01:29:46]} {[%emt 00:00:04]} cxd4 {[%clk
01:25:14]} 4. Nxd4 {[%clk 01:29:46]} {[%emt 00:00:03]} Nf6 {[%clk 01:25:14]}
{[%emt 00:00:06]} 5. Nc3 {[%clk 01:29:46]} {[%emt 00:00:09]} e5 {[%clk
01:25:14]} {[%emt 00:00:24]} 6. Ndb5 {[%clk 01:29:46]} d6 {[%clk 01:25:14]} 7.
Bg5 {[%clk 01:29:46]} a6 {[%clk 01:25:14]} 8. Na3 {[%clk 01:29:38]} {[%emt
00:00:15]} b5 {[%clk 01:25:14]} {[%emt 00:00:09]} 9. Nd5 {[%clk 01:29:38]}
{[%emt 00:00:31]} Be7 {[%clk 01:25:14]} 10. Bxf6 {[%clk 01:29:38]} {[%emt
00:00:03]} Bxf6 {[%clk 01:25:14]} 11. c3 {[%clk 01:29:38]} O-O {[%clk
01:25:14]} {[%emt 00:00:07]} 12. Nc2 {[%clk 01:29:38]} Rb8 {[%clk 01:25:14]}
{[%emt 00:00:04]} 13. h4 {[%clk 01:28:19]} {[%emt 00:01:28]} g6 {[%clk
01:25:11]} {[%emt 00:00:26]} 14. g3 {[%clk 01:26:44]} {[%emt 00:01:30]} Bg7
{[%clk 01:24:04]} {[%emt 00:01:20]} 15. Bg2 {[%clk 01:26:02]} {[%emt 00:00:48]}
Ne7 {[%clk 01:22:58]} {[%emt 00:01:17]} 16. Nce3 {[%clk 01:25:14]} {[%emt
00:01:01]} Nxd5 {[%clk 01:21:09]} {[%emt 00:01:58]} 17. Nxd5 {[%clk 01:25:14]}
{[%emt 00:00:24]} Bb7 {[%clk 01:21:09]} {[%emt 00:00:05]} 18. O-O {[%clk
01:24:06]} {[%emt 00:01:41]} Bxd5 {[%clk 01:14:11]} {[%emt 00:06:41]} 19. Qxd5
{[%clk 01:22:44]} {[%emt 00:01:26]} Qe7 {[%clk 01:12:55]} {[%emt 00:01:23]} 20.
Rfd1 {[%clk 01:19:59]} {[%emt 00:02:55]} Rb6 {[%clk 01:11:12]} {[%emt
00:02:02]} 21. Qb3 {[%clk 01:17:41]} {[%emt 00:02:21]} Rc8 {[%clk 01:09:23]}
{[%emt 00:01:56]} 22. Rd5 {[%clk 01:16:37]} {[%emt 00:01:17]} Rcb8 {[%clk
01:03:57]} {[%emt 00:05:42]} 23. Rad1 {[%clk 01:11:55]} {[%emt 00:04:43]} Bf8
{[%clk 01:03:52]} {[%emt 00:00:18]} 24. a3 {[%clk 01:10:38]} {[%emt 00:01:24]}
a5 {[%clk 01:02:58]} {[%emt 00:01:10]} 25. Bf1 {[%clk 01:07:51]} {[%emt
00:02:51]} Qb7 {[%clk 01:00:33]} {[%emt 00:02:53]} 26. R1d3 {[%clk 01:06:14]}
{[%emt 00:01:28]} Rc6 {[%clk 00:57:16]} {[%emt 00:03:27]} 27. Bh3 {[%clk
01:02:47]} {[%emt 00:03:44]} Rc4 {[%clk 00:51:44]} {[%emt 00:05:36]} 28. Bg2
{[%clk 00:59:47]} {[%emt 00:03:09]} Qc6 {[%clk 00:49:59]} {[%emt 00:02:06]} 29.
h5 {[%clk 00:54:31]} {[%emt 00:05:22]} b4 {[%clk 00:43:07]} {[%emt 00:06:57]}
30. cxb4 {[%clk 00:49:14]} {[%emt 00:05:25]} axb4 {[%clk 00:43:04]} {[%emt
00:00:30]} 31. a4 {[%clk 00:49:01]} {[%emt 00:00:11]} Rc1+ {[%clk 00:38:20]}
{[%emt 00:04:49]} 32. Kh2 {[%clk 00:43:29]} {[%emt 00:05:52]} Ra1 {[%clk
00:22:36]} {[%emt 00:15:57]} 33. a5 {[%clk 00:42:59]} {[%emt 00:00:27]} Qa6
{[%clk 00:22:27]} {[%emt 00:00:19]} 34. Rf3 {[%clk 00:32:09]} {[%emt 00:11:25]}
Rb7 {[%clk 00:19:13]} {[%emt 00:03:01]} 35. Rdd3 {[%clk 00:27:57]} {[%emt
00:04:19]} Qxa5 {[%clk 00:17:42]} {[%emt 00:01:42]} 36. hxg6 {[%clk 00:26:59]}
{[%emt 00:01:13]} hxg6 {[%clk 00:17:10]} {[%emt 00:00:36]} 37. Rf6 {[%clk
00:26:33]} {[%emt 00:00:36]} Kg7 {[%clk 00:15:31]} {[%emt 00:01:51]} 38. Rdf3
{[%clk 00:26:18]} {[%emt 00:00:23]} Qc7 {[%clk 00:14:27]} {[%emt 00:01:14]} 39.
Bh3 {[%clk 00:25:30]} {[%emt 00:00:58]} Qe7 {[%clk 00:13:38]} {[%emt 00:01:04]}
40. Rxf7+ {[%clk 00:21:07]} {[%emt 00:04:29]} Qxf7 {[%clk 00:13:15]} {[%emt
00:00:31]} 41. Rxf7+ {[%clk 00:21:07]} {[%emt 00:00:24]} Rxf7 {[%clk 00:13:15]}
42. Kg2 {[%clk 00:20:59]} {[%emt 00:00:07]} Rc1 {[%clk 00:12:29]} {[%emt
00:00:51]} 43. Be6 {[%clk 00:19:52]} {[%emt 00:01:27]} Rfc7 {[%clk 00:11:28]}
{[%emt 00:01:02]} 44. Qxb4 {[%clk 00:19:36]} {[%emt 00:00:35]} d5 {[%clk
00:10:51]} {[%emt 00:00:40]} 45. Qb5 {[%clk 00:18:55]} {[%emt 00:00:50]} R1c5
{[%clk 00:10:43]} {[%emt 00:00:42]} 46. Qe2 {[%clk 00:18:41]} d4 {[%clk
00:10:42]} {[%emt 00:00:22]} 47. b3 {[%clk 00:18:01]} {[%emt 00:00:40]} Rc2
{[%clk 00:10:04]} {[%emt 00:00:46]} 48. Qd1 {[%clk 00:17:37]} {[%emt 00:00:35]}
Bb4 {[%clk 00:09:11]} {[%emt 00:01:01]} 49. Bc4 {[%clk 00:17:16]} {[%emt
00:00:35]} Rd2 {[%clk 00:08:32]} {[%emt 00:00:46]} 50. Qg4 {[%clk 00:16:47]}
{[%emt 00:00:48]} d3 {[%clk 00:07:52]} {[%emt 00:00:41]} 51. Qe6 {[%clk
00:16:34]} {[%emt 00:00:23]} Re7 {[%clk 00:04:40]} {[%emt 00:03:22]} 52. Qg8+
{[%emt 00:00:58]} Kh6 {[%clk 00:03:35]} {[%emt 00:00:54]} 53. Qf8+ {[%clk
00:13:57]} {[%emt 00:02:21]} Kg5 {[%clk 00:03:12]} {[%emt 00:00:40]} 54. Qh8
{[%clk 00:13:57]} {[%emt 00:00:04]} Rh7 {[%clk 00:00:27]} {[%emt 00:02:50]} 55.
Qxh7 {[%clk 00:13:57]} {[%emt 00:00:16]} Kf6 {[%clk 00:00:27]} 56. Qf7+ {[%clk
00:13:57]} Kg5 {[%clk 00:00:27]} 57. Qf3 {[%clk 00:13:04]} {[%emt 00:00:55]}
Bc5 {[%clk 00:00:21]} {[%emt 00:00:20]} 58. Bxd3 {[%clk 00:13:04]} {[%emt
00:00:08]} Bxf2 {[%clk 00:00:21]} 59. Qxf2 {[%clk 00:13:04]} {[%emt 00:00:03]}
Rxd3 {[%clk 00:00:21]} {[%emt 00:00:11]} 60. b4 {[%clk 00:13:04]} {[%emt
00:00:10]} Rb3 {[%clk 00:00:21]} 61. Qd2+ {[%clk 00:13:04]} Kg4 {[%clk
00:00:21]} 62. Qd1+ {[%emt 00:00:23]} 1-0

[Event "2023 US National Elementary K-6 Championship"]
[Site "Baltimore, Maryland, United States"]
[Date "2023.05.14"]
[Round "7.17"]
[White "Yang, Aimee"]
[Black "Weyman, Grant"]
[Result "1-0"]
[TimeControl "G/90; d10"]
[WhiteElo "1917"]
[BlackElo "1557"]

1. d4 {[%clk 01:30:00]} {[%emt 00:00:36]} d5 {[%clk 01:30:00]} 2. c4 {[%clk
01:30:00]} e6 {[%clk 01:30:00]} 3. Nc3 {[%clk 01:29:56]} {[%emt 00:00:16]} Nf6
{[%clk 01:29:35]} {[%emt 00:00:24]} 4. cxd5 {[%clk 01:29:56]} {[%emt 00:00:06]}
exd5 {[%clk 01:29:34]} {[%emt 00:00:04]} 5. Bg5 {[%clk 01:29:56]} {[%emt
00:00:25]} Be6 {[%clk 01:29:23]} {[%emt 00:00:17]} 6. e3 {[%clk 01:29:55]} Be7
{[%clk 01:28:57]} {[%emt 00:00:33]} 7. Bd3 {[%clk 01:29:13]} {[%emt 00:00:50]}
O-O {[%clk 01:28:21]} {[%emt 00:00:57]} 8. h3 {[%clk 01:28:51]} {[%emt
00:00:22]} Nbd7 {[%clk 01:28:08]} {[%emt 00:00:23]} 9. Nge2 {[%clk 01:28:45]}
{[%emt 00:00:33]} h6 {[%clk 01:22:14]} {[%emt 00:05:50]} 10. Bh4 {[%clk
01:28:40]} {[%emt 00:00:14]} Bd6 {[%clk 01:20:37]} {[%emt 00:01:45]} 11. O-O
{[%clk 01:27:33]} {[%emt 00:01:27]} c6 {[%clk 01:19:35]} {[%emt 00:01:03]} 12.
Rc1 {[%clk 01:25:26]} {[%emt 00:02:16]} Nb6 {[%clk 01:18:38]} {[%emt 00:01:16]}
13. Bb1 {[%clk 01:18:27]} {[%emt 00:06:59]} g6 {[%clk 01:12:14]} {[%emt
00:06:35]} 14. e4 {[%clk 01:16:41]} {[%emt 00:01:58]} dxe4 {[%clk 01:09:07]}
{[%emt 00:03:18]} 15. Nxe4 {[%clk 01:15:35]} {[%emt 00:01:21]} Be7 {[%clk
01:08:19]} {[%emt 00:00:55]} 16. Nc5 {[%clk 01:13:43]} {[%emt 00:01:56]} Bd5
{[%clk 01:05:21]} {[%emt 00:03:15]} 17. Nf4 {[%clk 01:09:53]} {[%emt 00:03:58]}
g5 {[%clk 01:02:36]} {[%emt 00:02:53]} 18. Nxd5 {[%clk 01:08:48]} {[%emt
00:01:17]} Nbxd5 {[%clk 00:59:13]} {[%emt 00:03:28]} 19. Bg3 {[%clk 01:06:25]}
{[%emt 00:03:01]} b6 {[%clk 00:57:40]} {[%emt 00:01:19]} 20. Nd3 {[%clk
01:03:30]} {[%emt 00:02:58]} Ne4 {[%clk 00:52:03]} {[%emt 00:05:50]} 21. Ne5
{[%clk 01:00:57]} {[%emt 00:03:07]} Nxg3 {[%clk 00:49:23]} {[%emt 00:02:31]} 22.
fxg3 {[%clk 01:00:57]} {[%emt 00:00:11]} Kg7 {[%clk 00:43:54]} {[%emt
00:05:52]} 23. Qd3 {[%clk 00:59:41]} {[%emt 00:01:02]} Nf6 {[%clk 00:42:29]}
{[%emt 00:01:41]} 24. Rxf6 {[%clk 00:58:52]} {[%emt 00:00:52]} Kxf6 {[%clk
00:41:41]} {[%emt 00:00:57]} 25. Qf5+ {[%clk 00:58:52]} {[%emt 00:00:30]} Kg7
{[%clk 00:39:28]} {[%emt 00:02:03]} 26. Qh7+ {[%clk 00:58:52]} {[%emt
00:00:25]} 1-0

[Event "2023 US National Elementary K-6 Championship"]
[Site "Baltimore, Maryland, United States"]
[Date "2023.05.14"]
[Round "7.5"]
[White "Chong, Hanford"]
[Black "Williams, Christopher"]
[Result "1/2-1/2"]
[TimeControl "G/90; d10"]
[WhiteElo "1814"]
[BlackElo "1767"]

1. e4 {[%clk 01:30:00]} {[%emt 00:00:34]} c5 {[%clk 01:29:52]} 2. Nf3 {[%clk
01:30:00]} d6 {[%clk 01:29:45]} {[%emt 00:00:07]} 3. d4 {[%clk 01:30:00]}
{[%emt 00:00:12]} cxd4 {[%clk 01:29:45]} {[%emt 00:00:05]} 4. Nxd4 {[%clk
01:30:00]} {[%emt 00:00:37]} Nf6 {[%clk 01:29:38]} {[%emt 00:00:03]} 5. Nc3
{[%clk 01:30:00]} a6 {[%clk 01:29:30]} {[%emt 00:00:09]} 6. Be3 {[%clk
01:29:37]} {[%emt 00:00:31]} e5 {[%clk 01:28:55]} {[%emt 00:00:43]} 7. Nf3
{[%clk 01:29:21]} {[%emt 00:00:30]} Qc7 {[%clk 01:28:45]} {[%emt 00:00:18]} 8.
g3 {[%clk 01:28:11]} {[%emt 00:01:21]} Be7 {[%clk 01:28:34]} {[%emt 00:00:34]}
9. Bg2 {[%clk 01:28:11]} O-O {[%clk 01:28:04]} {[%emt 00:00:35]} 10. O-O {[%clk
01:28:11]} {[%emt 00:00:12]} h6 {[%clk 01:27:57]} {[%emt 00:00:11]} 11. Qd2
{[%clk 01:26:10]} {[%emt 00:02:29]} Be6 {[%clk 01:27:20]} {[%emt 00:00:27]} 12.
Rad1 {[%clk 01:24:51]} {[%emt 00:01:28]} Nbd7 {[%clk 01:25:37]} {[%emt
00:01:53]} 13. Rfe1 {[%clk 01:23:41]} {[%emt 00:01:28]} Ng4 {[%clk 01:25:36]}
{[%emt 00:00:22]} 14. h3 {[%clk 01:22:34]} {[%emt 00:00:58]} Nxe3 {[%clk
01:25:35]} {[%emt 00:00:30]} 15. Qxe3 {[%clk 01:22:34]} {[%emt 00:00:19]} Rac8
{[%clk 01:25:26]} {[%emt 00:00:03]} 16. a3 {[%clk 01:18:38]} {[%emt 00:04:02]}
Nb6 {[%clk 01:24:48]} {[%emt 00:00:52]} 17. Nd5 {[%clk 01:15:20]} {[%emt
00:03:16]} Nxd5 {[%clk 01:23:30]} {[%emt 00:01:31]} 18. exd5 {[%clk 01:15:20]}
{[%emt 00:00:23]} Bf5 {[%clk 01:23:06]} {[%emt 00:00:23]} 19. c3 {[%clk
01:15:06]} {[%emt 00:00:16]} b5 {[%clk 01:22:24]} {[%emt 00:00:54]} 20. h4
{[%clk 01:08:51]} {[%emt 00:06:32]} Bf6 {[%clk 01:22:00]} {[%emt 00:00:34]} 21.
Nd2 {[%clk 01:06:14]} {[%emt 00:02:37]} Bh7 {[%clk 01:20:59]} {[%emt 00:01:11]}
22. Be4 {[%clk 01:04:45]} {[%emt 00:01:37]} Bxe4 {[%clk 01:20:02]} {[%emt
00:01:13]} 23. Qxe4 {[%clk 01:04:35]} {[%emt 00:00:27]} Be7 {[%clk 01:19:57]}
{[%emt 00:00:07]} 24. Qf5 {[%clk 01:03:27]} {[%emt 00:01:17]} g6 {[%clk
01:18:35]} {[%emt 00:01:29]} 25. Qg4 {[%clk 01:02:38]} {[%emt 00:01:20]} h5
{[%clk 01:17:52]} {[%emt 00:00:37]} 26. Qf3 {[%clk 01:01:58]} {[%emt 00:00:46]}
f5 {[%clk 01:16:14]} {[%emt 00:01:48]} 27. Qe3 {[%clk 01:01:37]} {[%emt
00:00:30]} Kh7 {[%clk 01:15:29]} {[%emt 00:00:55]} 28. Nf3 {[%clk 01:00:28]}
{[%emt 00:01:19]} f4 {[%clk 01:14:45]} {[%emt 00:00:56]} 29. Qe4 {[%clk
00:59:08]} {[%emt 00:01:30]} Qd7 {[%clk 01:14:34]} {[%emt 00:00:24]} 30. Kg2
{[%clk 00:56:36]} {[%emt 00:02:59]} Rc4 {[%clk 01:13:06]} {[%emt 00:01:19]} 31.
Nd4 {[%clk 00:54:15]} {[%emt 00:02:34]} f3+ {[%clk 01:12:53]} {[%emt 00:00:20]}
32. Kh2 {[%clk 00:54:15]} {[%emt 00:00:12]} Bf6 {[%clk 01:11:09]} {[%emt
00:01:51]} 33. Ne6 {[%clk 00:51:57]} {[%emt 00:02:30]} Rf7 {[%clk 01:11:05]}
{[%emt 00:00:15]} 34. Qxf3 {[%clk 00:51:20]} {[%emt 00:00:44]} Rg4 {[%clk
01:08:34]} {[%emt 00:02:45]} 35. Re3 {[%clk 00:48:39]} {[%emt 00:02:50]} Qe7
{[%clk 01:08:26]} {[%emt 00:00:17]} 36. Qe2 {[%clk 00:48:03]} {[%emt 00:00:44]}
Bxh4 {[%clk 01:08:01]} {[%emt 00:00:35]} 37. Rd2 {[%clk 00:47:02]} {[%emt
00:01:11]} Bg5 {[%clk 01:07:04]} {[%emt 00:01:11]} 38. Nxg5+ {[%clk 00:44:39]}
{[%emt 00:02:28]} Qxg5 {[%clk 01:06:27]} {[%emt 00:00:47]} 39. Rdd3 {[%clk
00:43:16]} {[%emt 00:01:55]} e4 {[%clk 01:02:25]} {[%emt 00:03:52]} 40. Rxe4
{[%clk 00:42:14]} {[%emt 00:01:10]} Rxe4 {[%clk 01:02:25]} {[%emt 00:00:40]} 41.
Qxe4 {[%clk 00:42:07]} Rxf2+ {[%clk 01:02:25]} {[%emt 00:00:21]} 42. Kg1 {[%clk
00:42:07]} Rxb2 {[%clk 01:01:34]} {[%emt 00:00:41]} 43. Re3 {[%clk 00:41:21]}
{[%emt 00:00:56]} Qf6 {[%clk 01:00:49]} {[%emt 00:00:57]} 44. Qe7+ {[%clk
00:41:12]} {[%emt 00:00:19]} Qxe7 {[%clk 01:00:49]} {[%emt 00:00:12]} 45. Rxe7+
{[%clk 00:41:12]} {[%emt 00:00:07]} Kh6 {[%clk 01:00:49]} {[%emt 00:00:18]} 46.
Re6 {[%clk 00:40:54]} {[%emt 00:00:26]} Rb3 {[%clk 01:00:49]} 47. Rxd6 {[%clk
00:40:52]} {[%emt 00:00:04]} Rxc3 {[%clk 01:00:39]} {[%emt 00:00:45]} 48. Rxa6
{[%clk 00:40:29]} {[%emt 00:00:13]} Rxg3+ {[%clk 01:00:39]} {[%emt 00:00:20]}
49. Kf2 {[%clk 00:40:29]} Rc3 {[%clk 01:00:32]} {[%emt 00:00:19]} 50. d6 {[%clk
00:39:37]} {[%emt 00:01:07]} h4 {[%clk 01:00:28]} 51. Kg2 {[%clk 00:39:19]}
{[%emt 00:00:27]} Kg5 {[%clk 01:00:22]} {[%emt 00:00:18]} 52. Rb6 {[%clk
00:39:05]} {[%emt 00:00:22]} Rxa3 {[%clk 01:00:01]} {[%emt 00:00:39]} 53. Rxb5+
{[%clk 00:39:05]} {[%emt 00:00:19]} Kf6 {[%clk 00:59:51]} {[%emt 00:00:06]} 54.
Rd5 {[%clk 00:39:03]} {[%emt 00:00:31]} Ra8 {[%clk 00:59:51]} {[%emt 00:00:03]}
55. d7 {[%clk 00:38:40]} {[%emt 00:00:13]} Rd8 {[%clk 00:58:35]} {[%emt
00:01:26]} 56. Kh3 {[%clk 00:38:40]} {[%emt 00:00:14]} Ke6 {[%clk 00:58:00]}
{[%emt 00:00:40]} 57. Rd1 {[%clk 00:36:48]} {[%emt 00:02:03]} g5 {[%clk
00:57:30]} {[%emt 00:00:39]} 58. Rg1 {[%clk 00:36:05]} {[%emt 00:00:52]} Kf5
{[%clk 00:57:23]} {[%emt 00:00:51]} 59. Rf1+ {[%clk 00:36:04]} {[%emt
00:00:07]} Ke4 {[%clk 00:57:11]} 60. Rg1 {[%clk 00:33:07]} {[%emt 00:03:04]}
Kf4 {[%clk 00:56:45]} {[%emt 00:00:40]} 61. Rf1+ {[%clk 00:32:48]} {[%emt
00:00:24]} Ke3 {[%clk 00:56:38]} {[%emt 00:00:18]} 62. Rg1 {[%clk 00:32:20]}
{[%emt 00:00:35]} Rxd7 {[%clk 00:56:02]} {[%emt 00:00:49]} 63. Rxg5 {[%clk
00:32:20]} {[%emt 00:00:32]} Rd4 {[%clk 00:55:47]} 64. Rg4 {[%clk 00:31:59]}
{[%emt 00:00:32]} Re4 {[%clk 00:55:47]} {[%emt 00:00:23]} 65. Rxe4+ {[%clk
00:31:59]} {[%emt 00:00:05]} Kxe4 {[%clk 00:55:47]} 66. Kxh4 {[%clk 00:31:59]}
1/2-1/2

[Event "2023 US National Elementary K-6 Championship"]
[Site "Baltimore, Maryland, United States"]
[Date "2023.05.14"]
[Round "7.8"]
[White "Rallabandi, Krishna"]
[Black "Liu, Aiden"]
[Result "1/2-1/2"]
[TimeControl "G/90; d10"]
[WhiteElo "2095"]
[BlackElo "2192"]

1. d4 {[%clk 01:30:00]} d5 {[%clk 01:30:00]} {[%emt 00:00:09]} 2. c4 {[%clk
01:29:59]} {[%emt 00:00:11]} c6 {[%clk 01:30:00]} {[%emt 00:00:03]} 3. Nc3
{[%clk 01:29:57]} {[%emt 00:00:12]} Nf6 {[%clk 01:30:00]} {[%emt 00:00:05]} 4.
e3 {[%clk 01:29:53]} {[%emt 00:00:14]} e6 {[%clk 01:30:00]} {[%emt 00:00:07]} 5.
Nf3 {[%clk 01:29:50]} {[%emt 00:00:13]} Nbd7 {[%clk 01:30:00]} {[%emt
00:00:05]} 6. Qc2 {[%clk 01:29:43]} {[%emt 00:00:17]} Bd6 {[%clk 01:30:00]}
{[%emt 00:00:09]} 7. b3 {[%clk 01:29:40]} {[%emt 00:00:13]} O-O {[%clk
01:30:00]} {[%emt 00:00:09]} 8. Be2 {[%clk 01:29:40]} {[%emt 00:00:10]} b6
{[%clk 01:30:00]} {[%emt 00:00:09]} 9. O-O {[%clk 01:29:39]} {[%emt 00:00:10]}
Bb7 {[%clk 01:30:00]} {[%emt 00:00:03]} 10. Bb2 {[%clk 01:29:39]} {[%emt
00:00:10]} Rc8 {[%clk 01:30:00]} {[%emt 00:00:09]} 11. Rad1 {[%clk 01:29:27]}
{[%emt 00:00:22]} c5 {[%clk 01:18:23]} {[%emt 00:11:47]} 12. dxc5 {[%clk
01:28:45]} {[%emt 00:00:53]} Nxc5 {[%clk 01:17:55]} {[%emt 00:00:38]} 13. cxd5
{[%clk 01:28:34]} {[%emt 00:00:21]} Nxd5 {[%clk 01:15:26]} {[%emt 00:02:38]} 14.
Bc4 {[%clk 01:28:05]} {[%emt 00:00:39]} Nb4 {[%clk 01:14:42]} {[%emt 00:00:54]}
15. Qe2 {[%clk 01:25:19]} {[%emt 00:02:56]} Qe7 {[%clk 01:14:38]} {[%emt
00:00:14]} 16. a3 {[%clk 01:24:23]} {[%emt 00:01:07]} Nc6 {[%clk 01:14:38]}
{[%emt 00:00:10]} 17. b4 {[%clk 01:20:58]} {[%emt 00:03:34]} Nd7 {[%clk
01:14:38]} {[%emt 00:00:06]} 18. Nb5 {[%clk 01:15:34]} {[%emt 00:05:34]} Bb8
{[%clk 01:06:01]} {[%emt 00:08:47]} 19. Bd3 {[%clk 01:04:59]} {[%emt 00:10:45]}
Nde5 {[%clk 00:58:31]} {[%emt 00:07:41]} 20. Nxe5 {[%clk 01:03:44]} {[%emt
00:01:24]} Nxe5 {[%clk 00:56:28]} {[%emt 00:02:13]} 21. Bxe5 {[%clk 01:02:00]}
{[%emt 00:01:53]} Bxe5 {[%clk 00:55:53]} {[%emt 00:00:46]} 22. Bxh7+ {[%clk
01:01:25]} {[%emt 00:00:45]} Kxh7 {[%clk 00:53:43]} {[%emt 00:02:20]} 23. Qh5+
{[%clk 01:01:19]} {[%emt 00:00:16]} Kg8 {[%clk 00:53:43]} {[%emt 00:00:03]} 24.
Qxe5 {[%clk 01:01:19]} {[%emt 00:00:09]} Ba6 {[%clk 00:51:48]} {[%emt
00:02:05]} 25. Rfe1 {[%clk 00:53:34]} {[%emt 00:07:56]} Bxb5 {[%clk 00:48:38]}
{[%emt 00:03:20]} 26. Qxb5 {[%clk 00:53:17]} {[%emt 00:00:26]} Rc2 {[%clk
00:48:34]} {[%emt 00:00:14]} 27. Qd3 {[%clk 00:48:45]} {[%emt 00:04:42]} Rfc8
{[%clk 00:48:17]} {[%emt 00:00:27]} 28. Rd2 {[%clk 00:48:08]} {[%emt 00:00:47]}
Rc1 {[%clk 00:42:57]} {[%emt 00:05:31]} 29. Rxc1 {[%clk 00:45:21]} {[%emt
00:02:57]} Rxc1+ {[%clk 00:42:57]} {[%emt 00:00:02]} 30. Rd1 {[%clk 00:45:21]}
Qc7 {[%clk 00:42:22]} {[%emt 00:00:45]} 31. g3 {[%clk 00:44:09]} {[%emt
00:01:22]} a5 {[%clk 00:41:25]} {[%emt 00:01:07]} 32. bxa5 {[%clk 00:43:00]}
{[%emt 00:01:20]} bxa5 {[%clk 00:41:25]} {[%emt 00:00:07]} 33. Qd2 {[%clk
00:41:52]} {[%emt 00:01:19]} Rc3 {[%clk 00:36:59]} {[%emt 00:04:36]} 34. Qd8+
{[%clk 00:40:55]} {[%emt 00:01:07]} Qxd8 {[%clk 00:36:59]} {[%emt 00:00:07]} 35.
Rxd8+ {[%clk 00:40:55]} {[%emt 00:00:04]} Kh7 {[%clk 00:36:59]} 36. a4 {[%clk
00:40:55]} {[%emt 00:00:04]} Rc4 {[%clk 00:36:52]} {[%emt 00:00:16]} 37. Rd4
{[%clk 00:40:55]} {[%emt 00:00:05]} Rc5 {[%clk 00:36:52]} {[%emt 00:00:04]} 38.
Kg2 {[%clk 00:39:27]} {[%emt 00:01:38]} e5 {[%clk 00:36:30]} {[%emt 00:00:32]}
39. Rd7 {[%clk 00:38:47]} {[%emt 00:00:50]} 1/2-1/2